[Event "Amantea op-A 8th"]
[Site "Amantea"]
[Date "2010.09.01"]
[Round "4"]
[White "Grigore, George Gabriel"]
[Black "Isonzo, Davide"]
[Result "1/2-1/2"]
[WhiteElo "2532"]
[BlackElo "2357"]
[PlyCount "74"]
[EventDate "2010.08.29"]
[EventType "swiss"]
[EventRounds "9"]
[EventCountry "ITA"]
[SourceTitle "CBM 138 Extra"]
[Source "ChessBase"]
[SourceDate "2010.10.29"]
[SourceVersion "1"]
[SourceVersionDate "2010.10.29"]
[SourceQuality "1"]

1. d4 Nf6 2. c4 c5 3. d5 e6 4. Nc3 exd5 5. cxd5 d6 6. Nf3 g6 7. Bf4 Bg7 8. h3 0-0 9. e3 Na6 10. Bxa6 bxa6 11. 0-0 Rb8 12. Qd2 Bf5 13. b3 Ne4 14. Nxe4 Bxe4 15. Ng5 Bf5 16. Rac1 h6 17. Nf3 g5 18. Bg3 a5 19. Rc4 Re8 20. Rfc1 Rb4 21. Ne1 Re4 22. Rxe4 Bxe4 23. f3 Bg6 24. e4 f5 25. Nc2 Rb7 26. exf5 Bxf5 27. Ne3 Bg6 28. Nc4 a4 29. bxa4 Rb4 30. Nxd6 Qf6 31. Nc4 Qa6 32. Qe2 Bf7 33. d6 Rxc4 34. Rxc4 Qxc4 35. Qxc4 Bxc4 36. d7 Bf6 37. Bc7 Bxa2 1/2-1/2

[Event "Amantea op-A 8th"]
[Site "Amantea"]
[Date "2010.08.30"]
[Round "2"]
[White "Isonzo, Davide"]
[Black "Llaneza Vega, Marcos"]
[Result "1/2-1/2"]
[WhiteElo "2357"]
[BlackElo "2470"]
[PlyCount "63"]
[EventDate "2010.08.29"]
[EventType "swiss"]
[EventRounds "9"]
[EventCountry "ITA"]
[SourceTitle "CBM 138 Extra"]
[Source "ChessBase"]
[SourceDate "2010.10.29"]
[SourceVersion "1"]
[SourceVersionDate "2010.10.29"]
[SourceQuality "1"]

1. d4 Nf6 2. c4 g6 3. g3 Bg7 4. Bg2 0-0 5. Nc3 d6 6. Nf3 c6 7. 0-0 Qb6 8. b3 Qa5 9. Qd2 Qh5 10. Qg5 Qxg5 11. Bxg5 Re8 12. Rad1 h6 13. Bc1 Na6 14. e4 Bg4 15. h3 Bxf3 16. Bxf3 Nd7 17. Bg2 Nb4 18. a3 Nc2 19. Ne2 c5 20. dxc5 Nxc5 21. b4 Nb3 22. Rd3 Ncd4 23. Nxd4 Nxd4 24. e5 dxe5 25. Bxb7 Rab8 26. Bg2 Red8 27. Rdd1 f5 28. Bd5+ Kf8 29. Be3 a6 30. Bxd4 exd4 31. f4 Rd6 32. Rfe1 1/2-1/2

[Event "Amantea op-A 6th"]
[Site "Amantea"]
[Date "2008.09.07"]
[Round "9"]
[White "Isonzo, Davide"]
[Black "Naumkin, Igor"]
[Result "0-1"]
[WhiteElo "2362"]
[BlackElo "2502"]
[PlyCount "72"]
[EventDate "2008.08.31"]
[EventType "swiss"]
[EventRounds "9"]
[EventCountry "ITA"]
[SourceTitle "CBM 126 Extra"]
[Source "ChessBase"]
[SourceDate "2008.11.05"]
[SourceVersion "1"]
[SourceVersionDate "2008.11.05"]
[SourceQuality "1"]

1. e4 e5 2. Nf3 Nc6 3. Bc4 Nf6 4. Ng5 d5 5. exd5 Na5 6. Bb5+ c6 7. dxc6 bxc6 8. Be2 h6 9. Nh3 g5 10. Nc3 Bg7 11. d3 0-0 12. g4 c5 13. f3 Nc6 14. Nf2 Nd4 15. h4 gxh4 16. Nfe4 Rb8 17. b3 Rb6 18. Be3 Nxe4 19. dxe4 Be6 20. Bc4 Bxc4 21. bxc4 Rb2 22. Bxd4 exd4 23. Nd5 Qa5+ 24. Qd2 Qa4 25. Rc1 Qxc4 26. Rxh4 Re8 27. Nf4 Qxa2 28. Nh5 Re6 29. g5 Rb1 30. Nxg7 Kxg7 31. gxh6+ Kh7 32. Rxb1 Qxb1+ 33. Kf2 Rg6 34. Rg4 Rxh6 35. Rg1 Rh2+ 36. Rg2 Qh1 0-1

[Event "Amantea op-A 6th"]
[Site "Amantea"]
[Date "2008.09.04"]
[Round "6"]
[White "Shytaj, Luca"]
[Black "Isonzo, Davide"]
[Result "0-1"]
[WhiteElo "2467"]
[BlackElo "2362"]
[PlyCount "126"]
[EventDate "2008.08.31"]
[EventType "swiss"]
[EventRounds "9"]
[EventCountry "ITA"]
[SourceTitle "CBM 126 Extra"]
[Source "ChessBase"]
[SourceDate "2008.11.05"]
[SourceVersion "1"]
[SourceVersionDate "2008.11.05"]
[SourceQuality "1"]

1. e4 c5 2. Nf3 d6 3. d4 cxd4 4. Qxd4 Nc6 5. Bb5 Bd7 6. Bxc6 Bxc6 7. Nc3 e5 8. Qd3 h6 9. 0-0 Nf6 10. Re1 Be7 11. Nd2 Rc8 12. Nf1 Bd7 13. Ne3 Be6 14. a4 0-0 15. a5 a6 16. Bd2 Qc7 17. b3 Rfd8 18. Ra2 Bf8 19. Rd1 g6 20. Be1 Bg7 21. Ncd5 Nxd5 22. Nxd5 Bxd5 23. Qxd5 Qc6 24. c4 Qxd5 25. Rxd5 Rc5 26. Rd3 f5 27. f3 Kf7 28. Bf2 Rc6 29. Kf1 Ke6 30. Ke1 Bf6 31. Kd2 Rf8 32. Kc3 Be7 33. Be3 Bg5 34. Bb6 fxe4 35. fxe4 Rf1 36. Rf2 Rxf2 37. Bxf2 Rc7 38. h4 Bf6 39. Rg3 Rg7 40. Rf3 Rf7 41. g4 Bd8 42. Rxf7 Kxf7 43. b4 h5 44. g5 Ke7 45. Kb3 Kd7 46. Ka4 Kc6 47. Be3 Be7 48. Bb6 Kd7 49. b5 Kc8 50. Kb3 Kd7 51. Kc3 Bf8 52. Kb3 Be7 53. Be3 Bf8 54. Bc1 Be7 55. Ba3 Bxg5 56. c5 axb5 57. Kb4 dxc5+ 58. Kxb5 Bxh4 59. Bxc5 Bd8 60. Bg1 g5 61. Bh2 Ke6 62. Bg1 g4 63. Bb6 Bxb6 0-1

[Event "Amantea op-A 6th"]
[Site "Amantea"]
[Date "2008.09.03"]
[Round "4"]
[White "Damia, Angelo"]
[Black "Isonzo, Davide"]
[Result "1/2-1/2"]
[WhiteElo "2247"]
[BlackElo "2362"]
[PlyCount "60"]
[EventDate "2008.08.31"]
[EventType "swiss"]
[EventRounds "9"]
[EventCountry "ITA"]
[SourceTitle "CBM 126 Extra"]
[Source "ChessBase"]
[SourceDate "2008.11.05"]
[SourceVersion "1"]
[SourceVersionDate "2008.11.05"]
[SourceQuality "1"]

1. d4 Nf6 2. Bg5 d5 3. Nc3 Nbd7 4. Qd3 e6 5. 0-0-0 Be7 6. f3 c5 7. e4 dxe4 8. Nxe4 Nxe4 9. Bxe7 Qxe7 10. Qxe4 0-0 11. d5 Qg5+ 12. f4 Nf6 13. Qf3 Qh6 14. d6 Bd7 15. Bd3 Bc6 16. Qf2 b5 17. c3 c4 18. Bc2 b4 19. Ne2 bxc3 20. Nxc3 Nd5 21. Rhf1 Rfd8 22. g3 Nxc3 23. bxc3 Bd5 24. Qd2 g6 25. f5 Qg7 26. fxe6 fxe6 27. Rf4 Rxd6 28. Rdf1 Rad8 29. Rf7 Qxf7 30. Rxf7 Kxf7 1/2-1/2

[Event "Rome op"]
[Site "Rome"]
[Date "2007.10.30"]
[Round "2"]
[White "Isonzo, Davide"]
[Black "Hanly, Steven"]
[Result "1-0"]
[WhiteElo "2339"]
[BlackElo "1998"]
[PlyCount "83"]
[EventDate "2007.10.29"]
[EventType "swiss"]
[EventRounds "9"]
[EventCountry "ITA"]
[SourceTitle "EXT 2009"]
[Source "ChessBase"]
[SourceDate "2008.11.26"]
[SourceVersion "1"]
[SourceVersionDate "2008.11.26"]
[SourceQuality "1"]

1. e4 e6 2. d4 d5 3. Nc3 dxe4 4. Nxe4 Bd7 5. Nf3 Bc6 6. Bd3 Nd7 7. 0-0 Be7 8. Re1 Ngf6 9. Ng3 0-0 10. Qe2 Bxf3 11. Qxf3 c6 12. c3 Rc8 13. a4 a5 14. Re2 Bd6 15. Bg5 h6 16. Ne4 Be7 17. Bf4 Nxe4 18. Qxe4 Nf6 19. Qf3 Nd5 20. Bd2 Bd6 21. Qg4 Nf6 22. Qh3 Qc7 23. Bxh6 Bxh2+ 24. Kh1 Bf4 25. Bxf4 Qxf4 26. Kg1 g6 27. g3 Qf3 28. Re3 Qg4 29. Qh6 Rcd8 30. Re5 Rd5 31. Be2 Rxe5 32. Bxg4 Nxg4 33. Qf4 Rh5 34. Qxg4 Kg7 35. Kg2 Rfh8 36. Re1 Rh2+ 37. Kf3 R8h5 38. Re5 f5 39. Qf4 g5 40. Qe3 f4 41. Qe4 fxg3 42. fxg3 1-0

[Event "Arco op 29th"]
[Site "Arco"]
[Date "2007.10.24"]
[Round "5"]
[White "Naumkin, Igor"]
[Black "Isonzo, Davide"]
[Result "1/2-1/2"]
[WhiteElo "2487"]
[BlackElo "2339"]
[PlyCount "36"]
[EventDate "2007.10.20"]
[EventType "swiss"]
[EventRounds "9"]
[EventCountry "ITA"]
[SourceTitle "CBM 120 Extra"]
[Source "ChessBase"]
[SourceDate "2007.11.01"]
[SourceVersion "1"]
[SourceVersionDate "2007.11.01"]
[SourceQuality "1"]

1. d4 d5 2. c4 dxc4 3. Nf3 Nf6 4. e3 e6 5. Bxc4 c5 6. 0-0 a6 7. Qe2 b5 8. Bd3 cxd4 9. exd4 Be7 10. Nc3 0-0 11. Bg5 Bb7 12. Rad1 Nbd7 13. a3 Rc8 14. Rfe1 Re8 15. Bb1 Nd5 16. Ne4 N7f6 17. Ng3 Nd7 18. Bd2 N5f6 1/2-1/2

[Event "Imperia op-A 49th"]
[Site "Imperia"]
[Date "2007.09.09"]
[Round "9"]
[White "Isonzo, Davide"]
[Black "Jurek, Josef"]
[Result "1/2-1/2"]
[WhiteElo "2356"]
[BlackElo "2350"]
[PlyCount "21"]
[EventDate "2007.09.02"]
[EventType "swiss"]
[EventRounds "9"]
[EventCountry "ITA"]
[SourceTitle "EXT 2009"]
[Source "ChessBase"]
[SourceDate "2008.11.26"]
[SourceVersion "1"]
[SourceVersionDate "2008.11.26"]
[SourceQuality "1"]

1. e4 c6 2. d3 d5 3. Nd2 g6 4. Ngf3 Bg7 5. g3 e5 6. Bg2 Ne7 7. 0-0 0-0 8. Re1 Bg4 9. h3 Bxf3 10. Nxf3 dxe4 11. dxe4 1/2-1/2

[Event "Imperia op-A 49th"]
[Site "Imperia"]
[Date "2007.09.05"]
[Round "5"]
[White "Lacrosse, Marc"]
[Black "Isonzo, Davide"]
[Result "0-1"]
[WhiteElo "2301"]
[BlackElo "2356"]
[PlyCount "44"]
[EventDate "2007.09.02"]
[EventType "swiss"]
[EventRounds "9"]
[EventCountry "ITA"]
[SourceTitle "EXT 2009"]
[Source "ChessBase"]
[SourceDate "2008.11.26"]
[SourceVersion "1"]
[SourceVersionDate "2008.11.26"]
[SourceQuality "1"]

1. d4 d5 2. c4 dxc4 3. Nf3 Nf6 4. e3 e6 5. Bxc4 c5 6. Qe2 a6 7. dxc5 Bxc5 8. e4 b5 9. Bd3 Nc6 10. a3 Ng4 11. 0-0 Qc7 12. g3 h5 13. Kg2 h4 14. b4 Nd4 15. Nxd4 Bxd4 16. Qxg4 Bxa1 17. Bf4 Qd7 18. Rd1 e5 19. Qg5 f6 20. Qg6+ Qf7 21. Bxb5+ axb5 22. Rd8+ Ke7 0-1

[Event "Bratto op-A 27th"]
[Site "Bratto"]
[Date "2007.08.23"]
[Round "1"]
[White "Madiai, Federico"]
[Black "Isonzo, Davide"]
[Result "0-1"]
[WhiteElo "2044"]
[BlackElo "2356"]
[PlyCount "66"]
[EventDate "2007.08.23"]
[EventType "swiss"]
[EventRounds "9"]
[EventCountry "ITA"]
[SourceTitle "CBM 120 Extra"]
[Source "ChessBase"]
[SourceDate "2007.11.01"]
[SourceVersion "1"]
[SourceVersionDate "2007.11.01"]
[SourceQuality "1"]

1. Nf3 Nf6 2. d4 g6 3. c4 Bg7 4. Nc3 0-0 5. e4 d6 6. Be2 Bg4 7. 0-0 Nc6 8. Be3 Nd7 9. Ne1 Bxe2 10. Nxe2 a6 11. Qd2 Re8 12. Nd3 e6 13. Rac1 Ne7 14. f3 d5 15. b3 c6 16. Rfd1 a5 17. a4 dxe4 18. fxe4 Nf6 19. Nf2 Nd7 20. Ng4 Nf6 21. Nh6+ Bxh6 22. Bxh6 Nxe4 23. Qf4 Nf5 24. Qxe4 Nxh6 25. Qf4 Nf5 26. Nc3 Qe7 27. Ne4 e5 28. dxe5 Qxe5 29. Qxe5 Rxe5 30. Re1 Kg7 31. g4 Nd4 32. Nd2 Rae8 33. Kf2 Re2+ 0-1

[Event "Arco op 28th"]
[Site "Arco"]
[Date "2006.10.28"]
[Round "8"]
[White "Isonzo, Davide"]
[Black "Wohl, Aleksandar H"]
[Result "0-1"]
[WhiteElo "2345"]
[BlackElo "2425"]
[PlyCount "106"]
[EventDate "2006.10.21"]
[EventType "swiss"]
[EventRounds "9"]
[EventCountry "ITA"]
[SourceTitle "EXT 2007"]
[Source "ChessBase"]
[SourceDate "2006.11.23"]
[SourceVersion "1"]
[SourceVersionDate "2006.11.23"]
[SourceQuality "1"]

1. e4 Nf6 2. Nc3 d5 3. e5 Nfd7 4. d4 c5 5. f4 cxd4 6. Nb5 Nc6 7. Nf3 e6 8. Nbxd4 Bc5 9. c3 Qb6 10. Rb1 0-0 11. Be3 f6 12. b4 Nxd4 13. Bxd4 Bxd4 14. cxd4 a5 15. b5 a4 16. Bd3 Qa5+ 17. Qd2 Nb6 18. Qxa5 Rxa5 19. Kd2 Bd7 20. Rhc1 Nc4+ 21. Bxc4 dxc4 22. Rxc4 Rxb5 23. Rxb5 Bxb5 24. Rc7 Bc6 25. Ke3 Bd5 26. a3 b5 27. Ne1 Rb8 28. Nd3 fxe5 29. dxe5 Bxg2 30. Nb4 h6 31. Re7 Bh3 32. Rc7 Rd8 33. Rc5 Bf1 34. Rc6 Kf7 35. Rd6 Rc8 36. Nc6 Bc4 37. Nd8+ Ke7 38. Nc6+ Kf8 39. Nd4 b4 40. axb4 a3 41. b5 Ra8 42. b6 a2 43. Nc2 Bd5 44. Na1 g6 45. Rd7 Rb8 46. Rd6 Ke7 47. h4 Rc8 48. Kd2 h5 49. Kd1 Rc5 50. Kd2 Rb5 51. b7 Bxb7 52. Kc2 Be4+ 53. Kc3 Rb1 0-1